The city of the moon god : religious traditions of Harran /
This study treats the religious and intellectual history of the city of Harran (Eastern Turkey) from biblical times down to the establishment of Islam. The author starts from the well-known reference in the Qur'an and the early Islamic histories to the people of Harran as Sabians, one of the ...
المؤلف الرئيسي:
التنسيق: كتاب الكتروني
اللغة: English
منشور في:
Leiden ; New York :
E.J. Brill,
1992.
سلاسل:
Religions in the Graeco-Roman World
114.
Religions in the Graeco-Roman World Online, ISBN: 9789004299672.
الموضوعات:
الوصول للمادة أونلاين: Login to view Source
الوسوم: إضافة وسم
رقم الطلب: BL2320 .G74 1992
| LEADER | 03126cam a2200577Ii 4500 | ||
|---|---|---|---|
| 001 | BRILL9789004301429 | ||
| 003 | nllekb | ||
| 005 | 20230529210553.0 | ||
| 006 | m d | ||
| 007 | cr un uuuua | ||
| 008 | 911030s1992 ne sb 001 0 eng d | ||
| 010 | |a 91039380 | ||
| 020 | |a 9789004301429 |q (electronic book) | ||
| 020 | |z 9789004095137 |q (print) | ||
| 024 | 7 | |a 10.1163/9789004301429 |2 DOI | |
| 035 | |a (OCoLC)24872476 | ||
| 040 | |a NL-LeKB |c NL-LeKB |e rda | ||
| 043 | |a a-tu--- | ||
| 050 | 4 | |a BL2320 |b .G74 1992 | |
| 072 | 7 | |a HRKP |2 bicssc | |
| 072 | 7 | |a SOC011000 |2 bisacsh | |
| 082 | 0 | 4 | |a 291/.0935 |2 20 |
| 100 | 1 | |a Green, Tamara M. | |
| 245 | 1 | 4 | |a The city of the moon god : |b religious traditions of Harran / |c by Tamara M. Green. |
| 264 | 1 | |a Leiden ; |a New York : |b E.J. Brill, |c 1992. | |
| 300 | |a 1 online resource (viii, 232 pages) | ||
| 336 | |a text |b txt |2 rdacontent | ||
| 337 | |a computer |b c |2 rdamedia | ||
| 338 | |a online resource |2 rdacarrier | ||
| 490 | 1 | |a Religions in the Graeco-Roman world, |x 0927-7633 ; |v v. 114 | |
| 504 | |a Includes bibliographical references (p. 218-224) and index. | ||
| 505 | 0 | 0 | |a Preliminary material -- INTRODUCTION -- HARRANIAN RELIGION: FROM THE CITY'S FOUNDATION TO THE FALL OF NABONIDUS -- HARRANIAN RELIGION FROM ALEXANDER TO THE MUSLIM CONQUEST -- HARRANIAN RELIGION: SYNCRETISM AND ASSIMILATION -- HARRAN AFTER THE MUSLIM CONQUEST: MUSLIMS AND SABIANS -- MUSLIM SOURCES -- HARRANIAN PAGANISM AND ISLAM -- HARRAN, HERMETICISM AND ESOTERIC ISLAM -- THE MYSTERIES OF THE SABIANS ACCORDING TO MUSLIM SOURCES -- BIBLIOGRAPHY -- GENERAL INDEX. |
| 506 | |a Available to subscribing member institutions only. | ||
| 520 | |a This study treats the religious and intellectual history of the city of Harran (Eastern Turkey) from biblical times down to the establishment of Islam. The author starts from the well-known reference in the Qur'an and the early Islamic histories to the people of Harran as Sabians, one of the 'peoples of the book.' The author unravels strands of religious tradition in Harran that run from the old Semitic planetary cults through Hellenistic hermeticism, gnosticism, and Neo-Pythagoreanism and Christian cults to esoteric Islamic sects such as the Sufis and Shiites. | ||
| 559 | 4 | |a BL2320 .G74 1992 | |
| 650 | 0 | |a Cults |z Turkey |z Harran. | |
| 650 | 0 | |a Moon worship. | |
| 650 | 0 | |a Islam |x Origin. | |
| 650 | 7 | |a Cults. |2 fast | |
| 650 | 7 | |a Islam |x Origin. |2 fast | |
| 650 | 7 | |a Moon worship. |2 fast | |
| 650 | 7 | |a Religion. |2 fast | |
| 651 | 0 | |a Harran (Turkey) |x Religion. | |
| 651 | 7 | |a Turkey |z Harran. |2 fast | |
| 776 | 0 | 8 | |i Print version: |t The City of the Moon God: Religious Traditions of Harran |d Leiden, Boston : BRILL, 1992, |z 9789004095137 |
| 830 | 0 | |a Religions in the Graeco-Roman World |v 114. | |
| 830 | 0 | |a Religions in the Graeco-Roman World Online, ISBN: 9789004299672. | |
| 856 | 4 | |z DOI: |u http://dx.doi.org/10.1163/9789004301429 | |
| 942 | |2 lcc |c EBOOK | ||
| 952 | |0 0 |1 0 |2 lcc |4 0 |6 BL2320 G74 01992 |7 1 |9 47978 |a BRILL |b BRILL |d 2023-05-29 |l 0 |o BL2320 .G74 1992 |r 2023-05-29 00:00:00 |w 2023-05-29 |y EBOOK | ||
| 999 | |c 53322 |d 53322 | ||
